Statistics for 2019 AP NFL All-Pro Team

Click here to take the quiz!

General Stats

  • This quiz has been taken 220 times
  • The average score is 44 of 59

Answer Stats

TeamPositionTeamAnswer% Correct
FirstTESan FranciscoGeorge Kittle
99%
FirstQBBaltimoreLamar Jackson
99%
FirstEdgeArizonaChandler Jones
98%
FirstWRHoustonDeAndre Hopkins
98%
FirstCPhiladelphiaJason Kelce
98%
SecondWRAtlantaJulio Jones
98%
FirstWRNew OrleansMichael Thomas
98%
SecondTEKansas CityTravis Kelce
98%
FirstDTLA RamsAaron Donald
97%
FirstFlexCarolinaChristian McCaffrey
97%
FirstRBCarolinaChristian McCaffrey
97%
SecondRBTenneseeDerrick Henry
96%
SecondFlexTenneseeDerrick Henry
96%
SecondQBSeattleRussell Wilson
96%
FirstLBSeattleBobby Wagner
95%
SecondLBPittsburghT.J. Watt
95%
FirstEdgePittsburghT.J. Watt
95%
FirstCBNew EnglandStephon Gilmore
94%
FirstKBaltimoreJustin Tucker
93%
SecondWRTampa BayChris Godwin
90%
FirstCBBuffaloTre’Davious White
90%
FirstSPittsburghMinkah Fitzpatrick
89%
FirstLGIndianapolisQuenton Nelson
88%
FirstRGDallasZack Martin
86%
FirstDTPittsburghCam Heyward
85%
FirstSNY JetsJamal Adams
84%
SecondEdgeNew OrleansCameron Jordan
80%
SecondLBCarolinaLuke Kuechly
80%
FirstDBKansas CityTyrann Mathieu
80%
SecondSKansas CityTyrann Mathieu
80%
FirstDBBaltimoreMarcus Peters
77%
SecondCBBaltimoreMarcus Peters
77%
SecondCBSan FranciscoRichard Sherman
77%
SecondLBIndianapolisDarius Leonard
76%
FirstLBNew OrleansDemario Davis
76%
FirstDBBaltimoreMarlon Humphrey
76%
FirstLBMinnesotaEric Kendricks
70%
SecondEdgeTampa BayShaq Barrett
69%
SecondLTGreen BayDavid Bakhtiari
68%
FirstKRChicagoCordarrelle Patterson
67%
SecondST*ChicagoCordarrelle Patterson
67%
SecondDTAtlantaGrady Jarrett
67%
SecondSDenverJustin Simmons
67%
SecondDTSan FranciscoDeForest Buckner
63%
FirstLTBaltimoreRonnie Stanley
62%
SecondLG*ClevelandJoel Bitonio
58%
SecondCOaklandRodney Hudson
57%
FirstSTNew EnglandMatthew Slater
54%
SecondKRKansas CityMecole Hardman
54%
FirstRTNew OrleansRyan Ramczyk
54%
SecondRGBaltimoreMarshal Yanda
53%
SecondRTKansas CityMitchell Schwartz
50%
SecondLG*New EnglandJoe Thuney
46%
SecondKJacksonvilleJosh Lambo
37%
SecondPWashingtonTress Way
36%
FirstPTenneseeBrett Kern
35%
FirstPRNew OrelansDeonte Harris
35%
SecondPRPittsburghDiontae Johnson
33%
SecondST*New OrleansJ.T. Gray
8%

Score Distribution

Percentile by Number Answered

Percent of People with Each Score

Your Score History

You have not taken this quiz